Biggest Cities in England - Statistics

General Stats
  • This quiz has been taken 206 times
  • The average score is 13 of 20
Answer Stats
# City Population % Correct
1. London 8,776,535
100%
6. Manchester 470,411
96%
4. Liverpool 506,552
94%
2. Birmingham 1,121,408
93%
3. Leeds 536,321
86%
12. Newcastle upon Tyne 286,468
83%
11. Nottingham 299,797
76%
5. Sheffield 500,552
76%
7. Bristol 425,232
75%
18. Southampton 249,604
72%
8. Leicester 406,588
65%
13. Brighton and Hove 277,106
63%
15. Kingston upon Hull 270,806
52%
16. Plymouth 266,983
52%
14. Derby 275,599
48%
9. Coventry 344,322
47%
17. Stoke-on-Trent 260,602
42%
20. Wolverhampton 234,015
40%
10. Bradford 333,931
38%
19. Northampton 243,511
31%
No matching quizzes found
Score Distribution
Percent of People with Each Score
Percentile by Number Answered
Your Score History
You have not taken this quiz